Statistics for US States on the Kentucky Chef with a Map

Click here to take the quiz!

General Stats

  • This quiz has been taken 49 times
  • The average score is 6 of 7

Answers on the Map

Answers color-coded by a green-red scale on the quiz's map according to % correct below.
 

Answer Stats

States% Correct
Kentucky
91%
Tennessee
91%
Iowa
88%
Minnesota
88%
Missouri
86%
Arkansas
81%
Louisiana
81%

Score Distribution

Percentile by Number Answered

Percent of People with Each Score

Your Score History

You have not taken this quiz